01112nam a2200265 i 4500001000300000003000400003005001700007008003900024015001800063040001400081080001000095080001100105080001200116245028800128260002700416300003500443504002400478650003800502655003000540700002800570700002900598700005000627710007200677856009700749bgBPK20200604082015.0970612s1991 pl a f f |000 0 pol aPB 1991/10862 aWA NcBPK a628.5 a621.63 a(075.8)00aSystemy i urządzenia ochrony powietrza :bćwiczenia laboratoryjne : skrypt dla studentów wyższych szkół technicznych : praca zbiorowa /cpod red. Michała Dyląga i Ryszarda Matejskiego ; [oprac. Janusz Krawczyk et al.] ; Politechnika Krakowska im. Tadeusza Kościuszki. aKraków :bPK,c1991. a84 s. :brys., wykr. ;c24 cm. aBibliogr. s. 83-84. 4aPowietrzexochronaxurządzenia. 4aPodręczniki akademickie1 aDyląg, Michał.eRed.1 aMatejski, Ryszard.eRed.1 aKrawczyk, Janusz c(inżynieria chemiczna). 2 aPolitechnika Krakowska im. Tadeusza KościuszkibWydawnictwo4pbl. uhttp://koha.tu.koszalin.pl/cgi-bin/koha/opac-detail.pl?biblionumber=5577yKatalog online BPK